عرض عادي
عرض مارك
- Kern, Richard
مدخل إسم شخص
001 - رقم الضبط
- حقل الضبط: 35619
003 - معرف رقم الضبط
- حقل الضبط: OSt
005 - تاريخ ووقت أخر عملية
- حقل الضبط: 20130425150258.0
008 - عناصر بيانات ثابتة الطول
- حقل تحكم ثابت الطول: 130425|||a|||||| | ||| d
040 ## - مصدر الفهرسة
- هيئة الفهرسة الأصلية: OSt
- وكالة الكتابة: OSt
100 ## - مدخل -- أسم شخص
- إسم شخص: Kern, Richard
- الشكل الكامل للاسم: (Richard Geyman)
670 ## - بيانات المصدر موجوده
- الاستشهاد بالمصدر: Work cat.: (OSt)0: Network-based language teaching :, 2000.
